[Event "Tournoi Skype 026A"]
[Site "Skype"]
[Date "????.??.??"]
[Round "1.35"]
[White "Legueltel, Daniel"]
[Black "Escudero Ocana, Francisco"]
[Result "1-0"]
[WhiteElo "1617"]
[BlackElo "1398"]
[PlyCount "103"]

1. d4 d5 2. Bf4 e6 3. Nf3 Nc6 4. e3 Bd6 5. Bg3 Bxg3 6. hxg3 Nf6 7. c4 Ne4 8.
Bd3 g6 9. Nc3 Nxc3 10. bxc3 O-O 11. Rb1 b6 12. Qc2 Qe8 13. Ng5 h5 14. f4 f5 15.
Kf2 Bd7 16. Rh4 Ne7 17. Nf3 Rd8 18. Ne5 c6 19. Rbh1 Rf6 20. Qa4 dxc4 21. Qxc4
Bc8 22. Qb3 b5 23. Rb1 a6 24. a4 Rd6 25. a5 Kg7 26. Rhh1 Bb7 27. Be2 Ng8 28.
Qb4 Qe7 29. Nd3 Nh6 30. Nc5 Rd8 31. Nxa6 Qxb4 32. Nxb4 Rh8 33. a6 Ba8 34. Bf3
Rc8 35. Nd3 Nf7 36. Nc5 Nd6 37. Ra1 Re8 38. Be2 Rf7 39. Bd1 Nc4 40. Bb3 Ra7 41.
Bxc4 bxc4 42. Rhb1 Rc7 43. Rb6 Kf6 44. Rab1 Rec8 45. Rb8 Rxb8 46. Rxb8 Ra7 47.
Rd8 Rc7 48. Rxa8 Kg7 49. Rb8 Ra7 50. Rb7+ Rxb7 51. axb7 Kh6 52. b8=Q 1-0

[Event "Tournoi Skype 026A"]
[Site "Skype"]
[Date "????.??.??"]
[Round "1.36"]
[White "Hernandez, George"]
[Black "Perrone, Gabriel Lorenzo"]
[Result "1-0"]
[WhiteElo "1394"]
[BlackElo "1603"]
[PlyCount "117"]

1. e4 c5 2. Nf3 d6 3. d4 cxd4 4. Nxd4 Nf6 5. Nc3 a6 6. f3 b5 7. Be3 Nbd7 8. Qd2
Ne5 9. O-O-O Nc4 10. Bxc4 bxc4 11. Na4 e5 12. Nf5 Bxf5 13. exf5 d5 14. Nb6 Rb8
15. Nxd5 Qxd5 16. Qxd5 Nxd5 17. Rxd5 f6 18. Rhd1 Be7 19. Bc5 Rb5 20. Bxe7 Rxd5
21. Rxd5 Kxe7 22. Rc5 g6 23. g4 gxf5 24. gxf5 Rg8 25. Rxc4 h5 26. Rc7+ Kf8 27.
Rc8+ Kg7 28. Rxg8+ Kxg8 29. Kd2 Kf8 30. Kd3 Ke7 31. Kc4 Kd6 32. a4 Kc6 33. b4
h4 34. Kd3 Kd6 35. c4 h3 36. Ke4 Kc6 37. c5 a5 38. b5+ Kxc5 39. b6 Kxb6 40. Kd5
Kc7 41. Ke6 Kd8 42. Kxf6 Kd7 43. Kg7 Kd6 44. f6 Kc5 45. f7 Kb4 46. f8=Q+ Kxa4
47. Qe8+ Kb4 48. Qe6 a4 49. f4 exf4 50. Qe4+ Kb3 51. Qf3+ Kb2 52. Qxh3 a3 53.
Qg2+ Kb1 54. Qf1+ Kb2 55. Qxf4 a2 56. Qe5+ Kb1 57. h4 a1=Q 58. Qxa1+ Kxa1 59.
h5 1-0

[Event "Tournoi Skype 026A"]
[Site "Skype"]
[Date "????.??.??"]
[Round "1.37"]
[White "Vasquez, Oscar"]
[Black "Bankhede, Shivkumar"]
[Result "1-0"]
[WhiteElo "1599"]
[BlackElo "1377"]
[PlyCount "75"]

1. e4 e5 2. Nf3 d6 3. Bc4 Nf6 4. d3 g6 5. Ng5 d5 6. exd5 Nxd5 7. Qf3 Qd7 8.
Bxd5 Qf5 9. Bxf7+ Kd8 10. Bd5 c6 11. Nf7+ Ke8 12. Qxf5 Bxf5 13. Bb3 Rg8 14.
Nxe5 Rg7 15. O-O Na6 16. Re1 Kd8 17. Nf7+ Kc7 18. Bf4+ Kd7 19. Bh6 Re8 20. Rxe8
Kxe8 21. Bxg7 Bxg7 22. Nc3 Nc5 23. Nd6+ Kd8 24. Nxf5 gxf5 25. Bg8 h6 26. f4
Bd4+ 27. Kf1 Be3 28. g3 Bd4 29. Bh7 a5 30. a4 Kc7 31. Bxf5 b6 32. h4 Kb7 33.
Ke2 Bxc3 34. bxc3 Ka7 35. g4 b5 36. axb5 cxb5 37. Rxa5+ Kb6 38. Ra1 1-0

[Event "Tournoi Skype 026A"]
[Site "Skype"]
[Date "????.??.??"]
[Round "2.1"]
[White "Calderon, Francisco"]
[Black "Prasath, Malola"]
[Result "0-1"]
[WhiteElo "1674"]
[BlackElo "2104"]
[PlyCount "82"]

1. e4 Nc6 2. d4 e5 3. d5 Nce7 4. Nf3 Ng6 5. Bc4 Bc5 6. c3 Nf6 7. Nbd2 d6 8. h3
O-O 9. Qc2 Nf4 10. Bf1 Ne8 11. Nb3 Bb6 12. Bd2 f5 13. Bxf4 exf4 14. Bd3 Nf6 15.
exf5 Re8+ 16. Kf1 a5 17. c4 a4 18. Nbd2 c6 19. dxc6 bxc6 20. g4 a3 21. b3 d5
22. g5 dxc4 23. Qxc4+ Nd5 24. Qxc6 Ba6 25. Bxa6 Rxa6 26. Qc4 Ra5 27. b4 Ra4 28.
Rb1 Kh8 29. Ne4 Ra7 30. f6 gxf6 31. Nxf6 Nxf6 32. gxf6 Rc7 33. Qxf4 Rc2 34. Rh2
Qd3+ 35. Kg1 Rc4 36. Re1 Rg8+ 37. Ng5 Rxf4 38. Rg2 Bxf2+ 39. Kh1 Rxf6 40. Re7
Qd1+ 41. Kh2 Qd6+ 0-1

[Event "Tournoi Skype 026A"]
[Site "Skype"]
[Date "????.??.??"]
[Round "2.3"]
[White "Khunte, Aniruddha"]
[Black "Siret, Bernard"]
[Result "0-1"]
[WhiteElo "1650"]
[BlackElo "2063"]
[PlyCount "28"]

1. e4 c5 2. Nf3 d6 3. d4 cxd4 4. Nxd4 Nf6 5. Nc3 a6 6. Be3 e5 7. Nde2 Be6 8. f4
Ng4 9. Qd2 Nc6 10. f5 Bc4 11. Ng3 Nxe3 12. Qxe3 Bxf1 13. Rxf1 Be7 14. O-O-O Bg5
0-1

[Event "Tournoi Skype 026A"]
[Site "Skype"]
[Date "????.??.??"]
[Round "2.4"]
[White "Benson, Paul"]
[Black "Aravena, Alvaro"]
[Result "1-0"]
[WhiteElo "2052"]
[BlackElo "1641"]
[PlyCount "119"]

1. e4 e6 2. d4 d5 3. Nc3 Bb4 4. exd5 exd5 5. Bd3 Nf6 6. Nge2 O-O 7. O-O c6 8.
Bg5 Nbd7 9. h3 Re8 10. Ng3 Bd6 11. Nce2 Qb6 12. b3 h6 13. Be3 Nf8 14. c4 Qc7
15. c5 Bxg3 16. Nxg3 Rxe3 17. fxe3 Qxg3 18. Rf3 Qg5 19. Qe1 N8h7 20. Qf2 Be6
21. Rf1 Rf8 22. Rg3 Qh5 23. Be2 Ne4 24. Bxh5 Nxf2 25. Rxf2 Ng5 26. Bf3 f6 27.
Rb2 Re8 28. Bh5 Re7 29. Bg6 Bf7 30. Bxf7+ Kxf7 31. h4 Ne4 32. Rf3 Nc3 33. Rd2
h5 34. Kf1 Ne4 35. Rc2 Kg6 36. Ke2 Kf7 37. Kd3 Ke8 38. Rb2 Kd7 39. b4 a6 40. a4
Kc7 41. b5 a5 42. bxc6 Kxc6 43. Rb6+ Kc7 44. Rf5 g6 45. Rxd5 Nf2+ 46. Kd2 Ng4
47. Rdd6 Nxe3 48. Rxf6 Nc4+ 49. Kd3 Nxb6 50. cxb6+ Kd7 51. Rxg6 Rf7 52. Kc4 Rf2
53. Kd5 Ra2 54. Rg7+ Ke8 55. Rxb7 Rxg2 56. Rh7 Rb2 57. b7 Kf8 58. b8=Q+ Rxb8
59. Rh8+ Kf7 60. Rxb8 1-0

[Event "Tournoi Skype 026A"]
[Site "Skype"]
[Date "????.??.??"]
[Round "2.5"]
[White "Khetre, Gaurav"]
[Black "Ibarra Cantu, Raul Alberto"]
[Result "0-1"]
[WhiteElo "1640"]
[BlackElo "1947"]
[PlyCount "118"]

1. d4 Nf6 2. c4 g6 3. Nc3 Bg7 4. e4 d6 5. f3 O-O 6. Be3 e5 7. d5 c5 8. Bd3 Nh5
9. Nge2 f5 10. Qd2 f4 11. Bf2 Nf6 12. g3 g5 13. g4 Na6 14. O-O-O Qa5 15. a3 Nc7
16. Nb5 Qxd2+ 17. Rxd2 Nxb5 18. cxb5 b6 19. h4 h6 20. h5 a6 21. Nc3 Ne8 22.
Rhd1 Nc7 23. Kb1 Rf7 24. bxa6 Bxa6 25. Bxa6 Rxa6 26. Rc2 Bf6 27. Kc1 Rf8 28.
Kd2 b5 29. Ke2 Rb8 30. Rdc1 b4 31. axb4 Rxb4 32. Nd1 Nb5 33. Rc4 Rb3 34. R1c2
Bd8 35. Rc1 Ra2 36. R4c2 Ba5 37. Nc3 Bxc3 38. bxc3 Nxc3+ 39. Kd2 Rxc2+ 40. Rxc2
Na4 41. Ke2 Rb2 42. Rxb2 Nxb2 43. Be1 Kf7 44. Ba5 Ke7 45. Bc3 Nc4 46. Kd3 Ne3
47. Ba5 Kd7 48. Bd2 Nf1 49. Ba5 Kc8 50. Bb6 c4+ 51. Ke2 c3 52. Kd3 Nd2 53. Kxc3
Nxf3 54. Kd3 Nh2 55. Ke2 Nxg4 56. Kf3 Nf6 57. Ba5 g4+ 58. Kg2 Nxh5 59. Bd2 Nf6
0-1

[Event "Tournoi Skype 026A"]
[Site "Skype"]
[Date "????.??.??"]
[Round "2.6"]
[White "Montalvo, Mario"]
[Black "Lambert, Pierre"]
[Result "0-1"]
[WhiteElo "1639"]
[BlackElo "1902"]
[PlyCount "32"]

1. Nf3 Nf6 2. d4 g6 3. b3 Bg7 4. Bb2 O-O 5. c4 d6 6. e3 c5 7. dxc5 dxc5 8. Nc3
Qa5 9. Qc2 Bf5 10. Bd3 Bg4 11. Be2 Nc6 12. O-O-O Nb4 13. Qb1 Rfd8 14. h3 Bf5
15. Qa1 Nc2 16. Qb1 Nxe3 0-1

[Event "Tournoi Skype 026A"]
[Site "Skype"]
[Date "????.??.??"]
[Round "2.7"]
[White "Legueltel, Daniel"]
[Black "Mayor Martinez, Juan Jose"]
[Result "0-1"]
[WhiteElo "1617"]
[BlackElo "1892"]
[PlyCount "88"]

1. d4 d5 2. c4 c6 3. e3 Nf6 4. Nf3 e6 5. Bd3 Be7 6. Nc3 Nbd7 7. O-O a6 8. b3
Qc7 9. Bb2 b5 10. cxd5 exd5 11. Rc1 Qa5 12. Qc2 O-O 13. Ne5 Qc7 14. f4 h6 15.
Bf5 Nb6 16. Ne2 Bxf5 17. Qxf5 c5 18. dxc5 Nbd7 19. c6 Nb6 20. Nd4 Ne4 21. Nd7
g6 22. Qh3 Kh7 23. Nxf8+ Rxf8 24. f5 g5 25. Nf3 f6 26. Nd4 Rg8 27. Ne6 Qc8 28.
Qh5 Nd6 29. g4 Qe8 30. Qxe8 Rxe8 31. Nc7 Rc8 32. Nxa6 Kg7 33. Rc2 Ra8 34. Nb4
Ne4 35. Bd4 Nc8 36. Nxd5 Kg8 37. c7 Rxa2 38. Rc6 Kf7 39. Rfc1 Nd2 40. Rd6 Nxd6
41. c8=Q Nf3+ 42. Kf1 Nxh2+ 43. Ke1 Nf3+ 44. Kd1 Rd2# 0-1

[Event "Tournoi Skype 026A"]
[Site "Skype"]
[Date "????.??.??"]
[Round "2.8"]
[White "Vasquez, Oscar"]
[Black "Lopez, Jose Luis"]
[Result "0-1"]
[WhiteElo "1599"]
[BlackElo "1879"]
[PlyCount "98"]

1. c4 e5 2. Nc3 Nf6 3. Nf3 Nc6 4. g3 d5 5. cxd5 Nxd5 6. Nxd5 Qxd5 7. Bg2 Be6 8.
O-O Qd7 9. d3 Be7 10. Bd2 Bh3 11. Bc3 f6 12. Re1 Bxg2 13. Kxg2 O-O-O 14. a3 g5
15. b4 h5 16. Qc2 h4 17. Rh1 Rh6 18. h3 hxg3 19. fxg3 Rdh8 20. b5 Nd4 21. Bxd4
exd4 22. Rac1 Bd6 23. Qa4 Rxh3 24. Qxd4 Rxh1 25. Rxh1 Rxh1 26. Kxh1 Qh3+ 27.
Nh2 Qxg3 28. Qg4+ Qxg4 29. Nxg4 f5 30. Nh6 Bxa3 31. Nxf5 Kd7 32. Kg2 a5 33.
bxa6 bxa6 34. Kf3 a5 35. Nd4 a4 36. Nc2 Bb2 37. d4 a3 38. e3 Ke6 39. Kg4 Kf6
40. Nb4 Bc1 41. e4 Bd2 42. Na2 Be3 43. d5 Ke5 44. Kf3 Bd4 45. Nc1 g4+ 46. Kxg4
Kxe4 47. Kg3 Kxd5 48. Kf3 Kc4 49. Ke2 Bb2 0-1

[Event "Tournoi Skype 026A"]
[Site "Skype"]
[Date "????.??.??"]
[Round "2.9"]
[White "Navghane, Rahul"]
[Black "Dal, Ibrahim"]
[Result "0-1"]
[WhiteElo "1561"]
[BlackElo "1870"]
[PlyCount "110"]

1. e4 c6 2. c4 d5 3. cxd5 Nf6 4. dxc6 Nxc6 5. Nc3 e5 6. Bb5 Bd7 7. Nf3 Bb4 8.
Bxc6 Bxc6 9. Nxe5 Bxc3 10. bxc3 Bxe4 11. O-O O-O 12. Re1 Qd5 13. Nf3 Rfe8 14.
Bb2 Rac8 15. d4 Bxf3 16. Qxf3 Rxe1+ 17. Rxe1 Qb5 18. Ba1 Re8 19. Rxe8+ Nxe8 20.
Qd1 Nf6 21. a4 Qc4 22. Qc2 Nd5 23. h3 g6 24. Bb2 Nb4 25. Qd1 Nd3 26. Ba1 Qa2
27. Qxd3 Qxa1+ 28. Kh2 Qxa4 29. d5 Qf4+ 30. Qg3 Qxg3+ 31. Kxg3 a5 32. d6 Kf8
33. Kf4 a4 34. Ke5 a3 35. Kd5 a2 36. c4 a1=Q 37. f4 Ke8 38. g4 Kd7 39. c5 Qh1+
40. Ke5 Qxh3 41. g5 Qf5+ 42. Kd4 Qxf4+ 43. Kd5 Qxg5+ 44. Kd4 h5 45. Kc4 Kc6 46.
d7 Qxc5+ 47. Kd3 Kxd7 48. Ke4 g5 49. Kf3 Qe5 50. Kg2 Qe4+ 51. Kh3 h4 52. Kh2 g4
53. Kg1 Qe2 54. Kh1 h3 55. Kg1 Qg2# 0-1

[Event "Tournoi Skype 026A"]
[Site "Skype"]
[Date "????.??.??"]
[Round "2.11"]
[White "Rajpurohit, Dinesh"]
[Black "Diaz, Jose Garcia"]
[Result "1-0"]
[WhiteElo "1555"]
[BlackElo "1839"]
[PlyCount "57"]

1. e4 c5 2. Nf3 Nc6 3. c3 g6 4. d4 cxd4 5. cxd4 Bg7 6. e5 e6 7. Nbd2 Nge7 8.
Nc4 O-O 9. a4 d5 10. Nd6 Nf5 11. Bg5 f6 12. Nxf5 gxf5 13. exf6 Bxf6 14. Bxf6
Qxf6 15. Be2 b6 16. O-O Bb7 17. Rc1 Rac8 18. Bb5 Rf7 19. Bxc6 Bxc6 20. Ne5 Rfc7
21. b3 Bb5 22. Rxc7 Rxc7 23. axb5 h5 24. Qxh5 Rh7 25. Qe8+ Kg7 26. Rc1 Kh6 27.
Rc3 Kg5 28. Qg8+ Rg7 29. Rg3+ 1-0

[Event "Tournoi Skype 026A"]
[Site "Skype"]
[Date "????.??.??"]
[Round "2.12"]
[White "Murgia, Stefano"]
[Black "Lucena Vaz, Jose"]
[Result "1-0"]
[WhiteElo "1811"]
[BlackElo "1510"]
[PlyCount "57"]

1. e4 g6 2. d4 d6 3. Nc3 Bg7 4. Bg5 Nd7 5. Qd2 Ngf6 6. Bh6 Nh5 7. g4 Bxh6 8.
Qxh6 Nhf6 9. Be2 e5 10. O-O-O exd4 11. Rxd4 Ne5 12. h3 Qe7 13. f4 c5 14. fxe5
cxd4 15. exf6 Qxf6 16. Nd5 Qf2 17. Kd2 Rb8 18. Nf3 Be6 19. Qg7 Kd7 20. Qf6 Bxd5
21. Ne5+ dxe5 22. Qxf2 Bxe4 23. Qxf7+ Kd6 24. Qf6+ Kd5 25. Bf3 Rhf8 26. Bxe4+
Kxe4 27. Re1+ Kd5 28. Rxe5+ Kc4 29. Qe6+ 1-0

[Event "Tournoi Skype 026A"]
[Site "Skype"]
[Date "????.??.??"]
[Round "2.13"]
[White "Martinez Quintero, Javier"]
[Black "Rushdi, Tuan"]
[Result "1-0"]
[WhiteElo "1794"]
[BlackElo "1467"]
[PlyCount "55"]

1. d4 Nf6 2. c4 c5 3. e3 cxd4 4. exd4 d6 5. Nf3 g6 6. g3 Bg7 7. Bg2 O-O 8. O-O
Bg4 9. h3 Bf5 10. Nc3 Qc8 11. g4 Bd7 12. Qe2 Re8 13. Be3 h5 14. g5 Nh7 15. Kh2
f6 16. Ne4 Bf5 17. Ng3 Bd7 18. Nh4 fxg5 19. Nxg6 Bf5 20. Bd5+ Be6 21. Nf5 Kf7
22. Qxh5 Nf6 23. Qxg5 Nxd5 24. Nxg7 Nf6 25. Nxe8 Kxe8 26. Nf4 Bxc4 27. Rac1 Ne4
28. Qg6+ 1-0

[Event "Tournoi Skype 026A"]
[Site "Skype"]
[Date "????.??.??"]
[Round "2.14"]
[White "Grib, Johannes"]
[Black "Engstrom, Olle"]
[Result "0-1"]
[WhiteElo "1530"]
[BlackElo "1771"]
[PlyCount "68"]

1. d4 Nf6 2. e3 e6 3. f4 d5 4. Nf3 Bd6 5. Bd3 Nbd7 6. O-O O-O 7. Nbd2 b6 8. Qe1
Re8 9. Ne5 Bb7 10. Qh4 Ne4 11. Qh5 g6 12. Qe2 a6 13. Ndf3 f6 14. Nxd7 Qxd7 15.
Bd2 c5 16. c4 dxc4 17. Bxc4 b5 18. Bd3 c4 19. Bc2 Rac8 20. g4 b4 21. g5 c3 22.
bxc3 Nxc3 23. Bxc3 Rxc3 24. gxf6 Rec8 25. Rac1 Bc6 26. Ne5 Bxe5 27. fxe5 Bb5
28. f7+ Kf8 29. Qd2 Bxf1 30. Rxf1 Rxc2 31. Qxb4+ Qe7 32. Qd6 Qxd6 33. exd6 Rd8
34. a4 Rxd6 0-1

[Event "Tournoi Skype 026A"]
[Site "Skype"]
[Date "????.??.??"]
[Round "2.15"]
[White "Marino, Giuseppe"]
[Black "Calcino, Luis"]
[Result "0-1"]
[WhiteElo "1466"]
[BlackElo "1724"]
[PlyCount "52"]

1. d4 Nf6 2. Nf3 d5 3. e3 Bg4 4. Bd3 Nbd7 5. Nbd2 e6 6. c3 c5 7. b3 Rc8 8. O-O
Bd6 9. e4 dxe4 10. Nxe4 Nxe4 11. Bxe4 Qc7 12. h3 Bh2+ 13. Kh1 h5 14. Bxb7 Rd8
15. Be4 Nf6 16. Qd3 Bd6 17. Bg5 Be7 18. Bxf6 gxf6 19. Qb5+ Kf8 20. Nh2 Qf4 21.
Bf3 Bd6 22. g3 Bxf3+ 23. Nxf3 Qxf3+ 24. Kh2 h4 25. Rae1 hxg3+ 26. fxg3 Qxg3+
0-1

[Event "Tournoi Skype 026A"]
[Site "Skype"]
[Date "????.??.??"]
[Round "2.17"]
[White "Altinok, Selim"]
[Black "Thoune, Jim"]
[Result "1-0"]
[WhiteElo "1921"]
[BlackElo "1553"]
[PlyCount "95"]

1. Nf3 f5 2. d4 Nf6 3. c4 e6 4. g3 b6 5. Nc3 Bb7 6. d5 exd5 7. cxd5 Bb4 8. Bg5
O-O 9. Bg2 Na6 10. O-O Bxc3 11. bxc3 d6 12. Nd4 Qd7 13. Ne6 Rf7 14. Qd4 Re8 15.
c4 Nc5 16. Rfe1 Bc8 17. Nxc5 bxc5 18. Qb2 Ne4 19. Bc1 Qe7 20. Qa3 Qf6 21. Bb2
Qg6 22. f3 Nf6 23. e3 Rfe7 24. Kf2 f4 25. e4 fxg3+ 26. hxg3 Nh5 27. f4 Nf6 28.
Bxf6 Qxf6 29. Rad1 Bg4 30. Rd2 g5 31. Kg1 gxf4 32. Rf1 Qg7 33. gxf4 Qh6 34.
Qxa7 c6 35. Qa3 cxd5 36. cxd5 Rg7 37. Rff2 Qh4 38. Qe3 Rb8 39. Rf1 Re8 40. e5
Bh3 41. Rf3 Bg4 42. Rff2 Ree7 43. e6 Bh3 44. f5 Bxg2 45. Rxg2 Qf6 46. Qd3 Qa1+
47. Rd1 Qf6 48. a4 1-0

[Event "Tournoi Skype 026A"]
[Site "Skype"]
[Date "????.??.??"]
[Round "2.18"]
[White "Grosso, Raul"]
[Black "Salazar Ticeran, Antonio"]
[Result "1-0"]
[WhiteElo "1871"]
[BlackElo "1541"]
[PlyCount "73"]

1. d4 Nf6 2. Bg5 d5 3. Bxf6 gxf6 4. e3 Bg7 5. Bd3 e5 6. c3 e4 7. Bc2 O-O 8. Nd2
f5 9. Nh3 Na6 10. Qh5 c5 11. Nf4 c4 12. h3 b5 13. g4 h6 14. gxf5 Qg5 15. Qxg5
hxg5 16. Nxd5 Bxf5 17. Ne7+ Kh7 18. Nxf5 b4 19. Nxe4 bxc3 20. bxc3 Rfb8 21.
Nxg5+ Kg6 22. f4 Rb2 23. Kd2 Rxc2+ 24. Kxc2 Kxf5 25. Nxf7 Ke4 26. Kd2 Bf8 27.
Rab1 Nc7 28. Ng5+ Kf5 29. Rb7 Ne6 30. e4+ Kf6 31. Nxe6 Kxe6 32. Rg1 Kf6 33. Ke3
a5 34. e5+ Ke6 35. Rg6+ Kd5 36. Rb5+ Bc5 37. Rxc5# 1-0

[Event "Tournoi Skype 026A"]
[Site "Skype"]
[Date "????.??.??"]
[Round "2.19"]
[White "Segura Lozano, Marcos Antonio"]
[Black "Pezzolato, Erica"]
[Result "1/2-1/2"]
[WhiteElo "1834"]
[BlackElo "1417"]
[PlyCount "40"]

1. d4 Nf6 2. c4 g6 3. Nf3 Bg7 4. Bg5 O-O 5. Nc3 d6 6. Qd2 c5 7. Bh6 cxd4 8.
Nxd4 Nc6 9. Bxg7 Kxg7 10. e4 e5 11. Nb3 Be6 12. f3 a6 13. Rd1 Ne8 14. Nd5 Bxd5
15. cxd5 Ne7 16. g4 Rc8 17. h4 Qc7 18. Bd3 Nf6 19. h5 Nd7 20. hxg6 Nxg6 1/2-1/2

[Event "Tournoi Skype 026A"]
[Site "Skype"]
[Date "????.??.??"]
[Round "2.20"]
[White "Lovell, Stan"]
[Black "Karia, Vijay"]
[Result "0-1"]
[WhiteElo "1634"]
[BlackElo "1816"]
[PlyCount "118"]

1. e4 d5 2. exd5 Qxd5 3. Nc3 Qa5 4. d4 c6 5. Nf3 Nf6 6. Bd3 Bg4 7. O-O e6 8.
Bd2 Nbd7 9. h3 Bh5 10. a3 Qc7 11. Be2 Bd6 12. Re1 Bg6 13. Be3 O-O 14. Ng5 h6
15. Nf3 Rfe8 16. Nh4 Bh7 17. Bd3 Bxd3 18. Qxd3 Rad8 19. Qf1 Qb6 20. Nd1 Nd5 21.
c3 Nxe3 22. Rxe3 Nf6 23. Nf3 c5 24. a4 a6 25. Rc1 Bf4 26. dxc5 Qxc5 27. b4 Qc7
28. Rc2 Bxe3 29. Nxe3 e5 30. Qc1 Nd5 31. Nf5 Nf4 32. Nh2 Rd3 33. Qe1 Red8 34.
Nf1 Nd5 35. N5e3 Nxe3 36. Nxe3 Qd7 37. a5 Rd2 38. Rc1 Qd3 39. Kh2 Qe2 40. Qxe2
Rxe2 41. Kg1 Rdd2 42. Rf1 Kf8 43. Nc4 Rc2 44. Nd6 Rxc3 45. Nxb7 Rb3 46. Rc1
Rxb4 47. Rc8+ Ke7 48. Rc7+ Kf6 49. Rc6+ Kg5 50. Nd6 Rb1+ 51. Kh2 f6 52. Rxa6
Ra1 53. Ra7 Kg6 54. Ne8 Rxf2 55. Rxg7+ Kf5 56. Ra7 Raa2 57. Nd6+ Ke6 58. Ne4
Rxg2+ 59. Kh1 Rgb2 0-1

[Event "Tournoi Skype 026A"]
[Site "Skype"]
[Date "????.??.??"]
[Round "2.21"]
[White "Ram, Madhukesh"]
[Black "Casey, Eamonn"]
[Result "0-1"]
[WhiteElo "1540"]
[BlackElo "1575"]
[PlyCount "48"]

1. d4 Nf6 2. c4 e6 3. Nf3 d5 4. g3 Nbd7 5. Bg2 c6 6. Bg5 Be7 7. Qc2 O-O 8. O-O
Ne4 9. Bxe7 Qxe7 10. Nc3 Nxc3 11. Qxc3 Nf6 12. Ne5 Ne4 13. Bxe4 dxe4 14. e3 f6
15. Ng4 h5 16. Qc2 hxg4 17. Qxe4 f5 18. Qe5 Qf6 19. Qc7 Rf7 20. Qf4 g5 21. Qd6
Rd7 22. Qb4 Qh6 23. Rad1 Rh7 24. Kg2 Qxh2# 0-1

[Event "Tournoi Skype 026A"]
[Site "Skype"]
[Date "????.??.??"]
[Round "2.22"]
[White "Silva, Rodrigo De Souza"]
[Black "Teles, Jeferson Lisboa"]
[Result "0-1"]
[WhiteElo "1893"]
[BlackElo "1552"]
[PlyCount "34"]

1. d4 Nf6 2. Nc3 d5 3. Bg5 Bf5 4. f3 Nbd7 5. Nxd5 Nxd5 6. e4 f6 7. Bc1 Be6 8.
exd5 Bxd5 9. c4 Bf7 10. f4 c5 11. Nf3 cxd4 12. Qxd4 e6 13. Bd3 Bc5 14. Qe4 Bb4+
15. Bd2 Nc5 16. Bxb4 Nxe4 17. Bxe4 Qb6 0-1

[Event "Tournoi Skype 026A"]
[Site "Skype"]
[Date "????.??.??"]
[Round "2.23"]
[White "Khabou, Taha"]
[Black "Hilton, Stephen"]
[Result "1-0"]
[WhiteElo "1547"]
[BlackElo "1799"]
[PlyCount "71"]

1. d4 Nf6 2. Bf4 c5 3. c3 Qb6 4. Qb3 Nc6 5. e3 e6 6. Nf3 d5 7. Nbd2 c4 8. Qc2
Be7 9. Be2 O-O 10. Ne5 Nd7 11. Ndf3 f6 12. Nxc6 Qxc6 13. h3 Bd6 14. Bxd6 Qxd6
15. O-O b5 16. e4 Bb7 17. exd5 Bxd5 18. Rfe1 Rae8 19. a4 a6 20. axb5 axb5 21.
Nd2 Nb6 22. Ne4 Qc6 23. Bh5 Ra8 24. Bf3 h6 25. Rxa8 Rxa8 26. Nxf6+ gxf6 27.
Qg6+ Kh8 28. Qxh6+ Kg8 29. Qg6+ Kh8 30. Bxd5 Nxd5 31. Re4 Ra1+ 32. Kh2 Qc7+ 33.
g3 Qg7 34. Rh4+ Kg8 35. Qe8+ Qf8 36. Qg6+ 1-0

[Event "Tournoi Skype 026A"]
[Site "Skype"]
[Date "????.??.??"]
[Round "2.24"]
[White "Saponara, Jose Maria"]
[Black "Trivedi, Viral"]
[Result "0-1"]
[WhiteElo "1756"]
[BlackElo "1550"]
[PlyCount "74"]

1. c4 c6 2. Nf3 Nf6 3. Nc3 g6 4. g3 Bg7 5. Bg2 O-O 6. O-O d6 7. d4 Nbd7 8. e4
e5 9. d5 cxd5 10. cxd5 Nc5 11. Bg5 Bg4 12. b4 Ncd7 13. Rc1 Rc8 14. Qd3 Qb6 15.
a3 Rfe8 16. Be3 Qd8 17. Nd2 Nb6 18. a4 a6 19. a5 Na8 20. Nc4 Bf8 21. Na4 Bd7
22. Nab6 Nxb6 23. Nxb6 Rxc1 24. Rxc1 Bb5 25. Qc3 Ng4 26. Bd2 Qf6 27. f3 Nh6 28.
Bh3 Qe7 29. Nc8 Qd8 30. Qc7 f5 31. Qxb7 fxe4 32. Rc7 exf3 33. Kf2 e4 34. Be6+
Rxe6 35. dxe6 Qf6 36. Ne7+ Bxe7 37. Rxe7 Ng4+ 0-1

[Event "Tournoi Skype 026A"]
[Site "Skype"]
[Date "????.??.??"]
[Round "2.25"]
[White "Le Brun, Yves"]
[Black "Alvarez, Juan Evangelista"]
[Result "1-0"]
[WhiteElo "1719"]
[BlackElo "1535"]
[PlyCount "76"]

1. d4 d5 2. Nf3 Qd6 3. c3 Nc6 4. e3 Bg4 5. Be2 O-O-O 6. h3 Bxf3 7. Bxf3 e5 8.
Bg4+ Kb8 9. a4 exd4 10. cxd4 Nf6 11. Be2 Ne4 12. O-O Be7 13. a5 Bh4 14. Qb3 Qf6
15. f4 Ng3 16. Ba6 b6 17. axb6 cxb6 18. Bb5 Nxf1 19. Nc3 Nxd4 20. Qa4 a5 21.
exd4 Qe7 22. Bxf1 Qe1 23. Nd1 Rhe8 24. Qb5 Qb4 25. Qxb4 axb4 26. Bd2 Be7 27.
Nf2 h5 28. Nd3 Bf6 29. Ne5 Bxe5 30. fxe5 Re6 31. Bxb4 Rc8 32. Bd6+ Kb7 33. Ba6+
Kc6 34. Bxc8 Rxd6 35. Rc1+ Kb5 36. exd6 Kb4 37. d7 Kb3 38. d8=Q Kxb2 1-0

[Event "Tournoi Skype 026A"]
[Site "Skype"]
[Date "????.??.??"]
[Round "2.26"]
[White "Leyton Calderon, Jairo Oswaldo"]
[Black "Davis, Michael"]
[Result "0-1"]
[WhiteElo "1654"]
[BlackElo "1526"]
[PlyCount "42"]

1. Nf3 d5 2. b3 c5 3. Bb2 Nc6 4. e3 Nf6 5. Be2 Qc7 6. O-O Bf5 7. d4 cxd4 8.
Nxd4 Nxd4 9. Bxd4 g6 10. Nd2 Bg7 11. a3 e5 12. Bb2 O-O 13. c4 Rad8 14. cxd5
Rxd5 15. Rc1 Qd7 16. Qe1 Rxd2 17. Bxe5 Rd8 18. Rc7 Qd5 19. Qa1 Ne8 20. Bxg7
Nxc7 21. Bh8 Ne8 0-1

[Event "Tournoi Skype 026A"]
[Site "Skype"]
[Date "????.??.??"]
[Round "2.27"]
[White "Sauvaget, Joel"]
[Black "Sepulveda, Lyda Marcela"]
[Result "0-1"]
[WhiteElo "1523"]
[BlackElo "1653"]
[PlyCount "50"]

1. d4 d5 2. c4 Nf6 3. Nc3 c6 4. Nf3 e6 5. Bg5 Be7 6. e3 Nbd7 7. Qc2 O-O 8.
O-O-O Re8 9. Be2 dxc4 10. Bxc4 Nd5 11. Bxe7 Qxe7 12. h3 Nxc3 13. Qxc3 b5 14.
Bb3 Bb7 15. Rhg1 Rec8 16. Qd2 a5 17. Kb1 a4 18. Bc2 c5 19. dxc5 Nxc5 20. Qe2 b4
21. Bd3 Bd5 22. Nd4 e5 23. Nc2 b3 24. Na3 bxa2+ 25. Ka1 Nb3+ 0-1

[Event "Tournoi Skype 026A"]
[Site "Skype"]
[Date "????.??.??"]
[Round "2.29"]
[White "Perrone, Gabriel Lorenzo"]
[Black "L'Herbon De Lussats, Jean"]
[Result "1-0"]
[WhiteElo "1603"]
[BlackElo "1501"]
[PlyCount "109"]

1. d4 Nf6 2. c4 g6 3. Nc3 Bg7 4. Nf3 O-O 5. e4 d6 6. Be2 c5 7. dxc5 dxc5 8.
Qxd8 Rxd8 9. Nb5 Na6 10. Nc3 e6 11. O-O b6 12. Bg5 Re8 13. Rad1 Bb7 14. Nd2 Bc6
15. Bf3 e5 16. Nd5 Nxd5 17. exd5 Bd7 18. Ne4 Rf8 19. Bf6 Bf5 20. Bxg7 Kxg7 21.
Rfe1 f6 22. Nd6 Bc2 23. Rd2 Ba4 24. b3 Bd7 25. h4 h5 26. Ne4 Nc7 27. Nxc5 bxc5
28. d6 Nd5 29. Bxd5 Rac8 30. Bb7 Rb8 31. Be4 a5 32. g3 f5 33. Bg2 e4 34. Rd5
Rbc8 35. Re5 Rf7 36. Rd1 Bc6 37. Rxc5 a4 38. b4 Bd7 39. Rc7 Be6 40. d7 Rd8 41.
c5 Rdxd7 42. Rdxd7 Rxd7 43. Rxd7+ Bxd7 44. a3 Bb5 45. Bf1 Bd7 46. b5 Kf6 47. b6
Bc6 48. Bb5 Bxb5 49. b7 Bd3 50. b8=Q g5 51. Qd6+ Kf7 52. c6 Ba6 53. c7 Bc8 54.
Qd8 Be6 55. Qxg5 1-0

[Event "Tournoi Skype 026A"]
[Site "Skype"]
[Date "????.??.??"]
[Round "2.30"]
[White "Gharbi, Said"]
[Black "Mitrani, Alberto"]
[Result "1-0"]
[WhiteElo "1598"]
[BlackElo "1495"]
[PlyCount "86"]

1. e4 d6 2. d4 Nf6 3. Nc3 g6 4. Nf3 Bg7 5. Bf4 Nbd7 6. e5 dxe5 7. dxe5 Nh5 8.
Qd4 Nxf4 9. Qxf4 c6 10. Bc4 e6 11. O-O-O O-O 12. h4 h6 13. g4 Qa5 14. Rde1 b5
15. Bb3 Nc5 16. Nd4 Nxb3+ 17. Nxb3 Qb6 18. Ne4 a5 19. h5 g5 20. Nxg5 f6 21. Nf3
fxe5 22. Qg3 Bb7 23. Nxe5 Qxf2 24. Qxf2 Rxf2 25. Nc5 Ba6 26. Nxc6 a4 27. Nxe6
Bf6 28. Nc7 Rc8 29. Re8+ Rxe8 30. Nxe8 Bg5+ 31. Kd1 Rd2+ 32. Ke1 Bb7 33. Ne7+
Bxe7 34. Kxd2 Bxh1 35. Nc7 Bg5+ 36. Ke2 Bc6 37. Na6 Bd5 38. b3 Bb7 39. Nc7 Bc6
40. Na6 Kf7 41. Nb4 Bd7 42. c4 axb3 43. axb3 Bxg4+ 1-0